000 00215nam a2200085Ia 4500
245 0 _aAfrican culture
100 _a Bowden, Rob, London, 2009
_914224
942 _cBK
008 210817s9999 xx 000 0 und d
999 _c399225
_d399224